Educación campesina / (Registro nro. 137445)

Detalles MARC
000 -LEADER
campo de control de longitud fija 00518nam a2200157 4500
001 - NÚMERO DE CONTROL
campo de control 137445
003 - IDENTIFICADOR DE NÚMERO DE CONTROL
campo de control ES-MaACL
005 - FECHA Y HORA DE LA ÚLTIMA TRANSACCIÓN
campo de control 20230906195355.0
007 - CAMPO FIJO DE DESCRIPCIÓN FÍSICA--INFORMACIÓN GENERAL
campo de control de longitud fija t|
008 - DATOS DE LONGITUD FIJA--INFORMACIÓN GENERAL
campo de control de longitud fija 070214s1922 sp r ||||1| spa d
100 1# - ENTRADA PRINCIPAL--NOMBRE DE PERSONA
Nombre de persona Sánchez Anido, José.
9 (RLIN) 102457
245 10 - MENCIÓN DEL TÍTULO
Título Educación campesina /
Mención de responsabilidad, etc. José Sánchez Anido Vizconde de San Antonio ; con prólogo del Excmo. Sr. Marqués de Alhucemas.
260 ## - PUBLICACIÓN, DISTRIBUCIÓN, ETC.
Lugar de publicación, distribución, etc. Madrid :
Nombre del editor, distribuidor, etc. [s.n.],
Fecha de publicación, distribución, etc. 1922 (
Fabricante Imp. Perlado)
700 1# - ENTRADA AGREGADA--NOMBRE PERSONAL
Nombre de persona Marqués de Alhucemas.
9 (RLIN) 76987
852 ## - LOCALIZACIÓN
Ubicación ES-MaACL
Número de control de estantería F-8982
Existencias
Estatus retirado Estado de pérdida Estado de daño No para préstamo Biblioteca de origen Biblioteca actual Ubicación en estantería Fecha de adquisición Fuente de adquisición Total de préstamos Signatura topográfica completa Código de barras Visto por última vez Precio de reemplazo Tipo de ítem Koha
        Biblioteca del Ateneo de Madrid Biblioteca del Ateneo de Madrid Sala Pecera Planta 2 17/01/2008     F-8982 1143032 23/02/2023 23/02/2023 Libro impreso